Statistics for European Capital by Photo

Click here to take the quiz!

General Stats

  • This quiz has been taken 40 times
  • The average score is 18 of 43

Answer Stats

Answer% Correct
London
100%
Moscow
77%
Paris
68%
Amsterdam
65%
Monaco
65%
Berlin
61%
Sofia
61%
Budapest
58%
Vatican City
58%
Athens
55%
Copenhagen
55%
Dublin
55%
Stockholm
55%
Vienna
52%
Brussels
48%
Helsinki
48%
Kyiv
48%
Rome
48%
Bratislava
45%
Madrid
45%
Lisbon
42%
Prague
42%
Riga
42%
Reykjavik
39%
Vaduz
39%
Valletta
39%
Sarajevo
32%
Tallinn
32%
Bern
29%
Andorra la Vella
26%
Belgrade
26%
Chisinau
26%
Oslo
26%
Skopje
26%
Bucharest
23%
Ljubljana
23%
Warsaw
23%
Zagreb
23%
Luxembourg City
16%
Minsk
13%
Podgorica
13%
Tirana
13%
Vilnius
10%

Score Distribution

Percentile by Number Answered

Percent of People with Each Score

Your Score History

You have not taken this quiz